Statistiken für Die größten Städte Deutschlands mit V

Klicken Sie hier um das Quiz zu spielen!

Allgemein

  • Dieses Quiz wurde 159 mal gespielt
  • Das Durchschnittsergebnis liegt bei 3 aus 10

Antwortstatistiken

BundeslandStadt% Korrekt
Baden-WürttembergVillingen-Schwenningen
85%
NiedersachsenVechta
69%
SaarlandVölklingen
50%
Nordrhein-WestfallenVelbert
48%
HessenViernheim
23%
ThüringenVacha
11%
Rheinland-PfalzVallendar
11%
BayernVaterstetten
11%
BrandenburgVelten
7%
SachsenVierkirchen (Oberlausitz)
6%

Verteilung der Resultate

Perzentil nach korrekt beantworteten Fragen

Anzahl Personen mit jedem Resultat

Ihre Resultats-Entwicklung

Sie haben dieses Quiz noch nicht gespielt